00413nam a2200157Ia 450000500170000000800410001702000150005808200210007310000170009424500430011126000400015430000180019465000130021265000200022565000100024520250123051855.0240331s9999 xx 000 0 und d a0745316018 bMAD25665a305.4 aMadsen, D. L 0aFeminist Theory and Literary Practice  aLondonaVirginiabPluto Pressc2000 axiii, 253 p., aFeminism aFeminist Theory aWomen